Giáo trình bệnh cây nông nghiệp /

Wedi'i Gadw mewn:
Manylion Llyfryddiaeth
Awduron Eraill: Đỗ Tấn Dũng, TS., Lê Lương Tề, PGS.TS (chủ biên.), Ngô Bích Hảo, PGS.TS., Ngô Thị Xuyên, TS., Nguyễn Kim Vân, PGS.TS., Trần Nguyễn Hà, TS., Vũ Triệu Mân, GS.TS.
Fformat: Sách giấy
Iaith:Vietnamese
Cyhoeddwyd: H. : Nông nghiệp, 2007.
Pynciau:
Tagiau: Ychwanegu Tag
Dim Tagiau, Byddwch y cyntaf i dagio'r cofnod hwn!
Thư viện lưu trữ: Thư viện Trường Đại học Đà Lạt
LEADER 01089nam a2200385 4500
001 DLU100104129
005 ##20100304
040 # # |a DLU  |b vie 
041 # # |a vie 
044 # # |a vn 
082 # # |a 632.9  |b Gia 
245 # # |a Giáo trình bệnh cây nông nghiệp /  |c Lê Lương Tề chủ biên, ... [và những người khác]. 
260 # # |a H. :  |b Nông nghiệp,  |c 2007. 
300 # # |a 296 tr. :  |b minh hoạ ;  |c 19x27 cm. 
504 # # |a Tài liệu tham khảo: tr. 287. 
653 # # |a Bảo vệ thực vật 
653 # # |a Giáo trình 
700 # # |a Đỗ Tấn Dũng,  |c TS. 
700 # # |a Lê Lương Tề,  |c PGS.TS,  |e chủ biên. 
700 # # |a Ngô Bích Hảo,  |c PGS.TS. 
700 # # |a Ngô Thị Xuyên,  |c TS. 
700 # # |a Nguyễn Kim Vân,  |c PGS.TS. 
700 # # |a Trần Nguyễn Hà,  |c TS. 
700 # # |a Vũ Triệu Mân,  |c GS.TS. 
923 # # |a 01/2010 
991 # # |a GT 
992 # # |a 60000 
994 # # |a DLU 
900 # # |a True 
911 # # |a Đào Thị Thu Huyền 
925 # # |a G 
926 # # |a A 
927 # # |a SH 
980 # # |a Thư viện Trường Đại học Đà Lạt